| 000 | 00963nam a22003017a 4500 | ||
|---|---|---|---|
| 001 | 5336 | ||
| 003 | FISKH | ||
| 005 | 20250805080655.0 | ||
| 008 | 241127b cb ||||| |||| 00| 0 eng d | ||
| 020 | _a9780618605644 | ||
| 040 |
_aFISKH _beng _cFISKH _dFISKH |
||
| 050 | _aPZ7.M33543 | ||
| 082 | _a813.52 | ||
| 100 |
_aRey, Margret _d(1906–1996) |
||
| 245 |
_aCurious george first day of school / _cIllustrated in the style of H.A. Rey by Anna Grossnickle Hines |
||
| 250 | _aPublished in 2005 | ||
| 260 |
_aNew York : _bHoughton, _c2005. |
||
| 300 |
_a24 pages : _bcolor illustrations ; _c21 cm |
||
| 505 | _aJ | ||
| 520 | _aWhen Curious George attends the first day of school as a special helper, he winds up creating a big mess. | ||
| 521 | 8 |
_a470
_bLexile |
|
| 521 | 8 |
_aJ
_bRaz-Plus |
|
| 650 |
_2Garden _aMonkey |
||
| 650 |
_2Paperback _aSchool |
||
| 700 |
_aHines, Grossnickle Anna _dillustrator |
||
| 942 |
_2ddc _cBK _n0 |
||
| 999 |
_c5336 _d5336 |
||